Electoral Management Design : (Record no. 242)

MARC details
000 -LEADER
fixed length control field 01803cam a2200433 a 4500
001 - CONTROL NUMBER
control field 15021210
003 - CONTROL NUMBER IDENTIFIER
control field OSt
005 - DATE AND TIME OF LATEST TRANSACTION
control field 20230605093911.0
008 - FIXED-LENGTH DATA ELEMENTS--GENERAL INFORMATION
fixed length control field 070925s2006 sw ab b 001 0 eng
010 ## - LIBRARY OF CONGRESS CONTROL NUMBER
LC control number 2007476648
020 ## - INTERNATIONAL STANDARD BOOK NUMBER
International Standard Book Number 9185391654 (pbk.)
020 ## - INTERNATIONAL STANDARD BOOK NUMBER
International Standard Book Number 9789185391653 (pbk.)
035 ## - SYSTEM CONTROL NUMBER
System control number (OCoLC)ocn123373150
040 ## - CATALOGING SOURCE
Original cataloging agency UKM
Transcribing agency UKM
Modifying agency BAKER
-- YDXCP
-- NLGGC
-- NLC
-- DLC
042 ## - AUTHENTICATION CODE
Authentication code ukblsr
-- lccopycat
050 00 - LIBRARY OF CONGRESS CALL NUMBER
Classification number JF1001
Item number .E398 2006
082 ## - DEWEY DECIMAL CLASSIFICATION NUMBER
Classification number 324.63
Item number WAL
110 ## - MAIN ENTRY--CORPORATE NAME
Date of meeting or treaty signing 2006
245 00 - TITLE STATEMENT
Title Electoral Management Design :
Remainder of title The International IDEA handbook
Statement of responsibility, etc. International Institute for Democracy and Electoral Assistance
260 ## - PUBLICATION, DISTRIBUTION, ETC. (IMPRINT)
Place of publication, distribution, etc. Stockholm :
Name of publisher, distributor, etc. International IDEA ;
Place of publication, distribution, etc. [Lancaster :
Name of publisher, distributor, etc. Gazelle Drake Academic, distributor],
Date of publication, distribution, etc. c2006.
300 ## - PHYSICAL DESCRIPTION
Extent xiv, 373 p. :
Other physical details col. ill., col. map ;
Dimensions 25 cm. +
Accompanying material 1 sheet 20 x 42 cm., 1 sheet 42 x 60 cm.
490 1# - SERIES STATEMENT
Series statement Handbook series
504 ## - BIBLIOGRAPHY, ETC. NOTE
Bibliography, etc Includes bibliographical references and index.
650 #0 - SUBJECT ADDED ENTRY--TOPICAL TERM
Topical term or geographic name as entry element Elections
General subdivision Management.
650 #0 - SUBJECT ADDED ENTRY--TOPICAL TERM
Topical term or geographic name as entry element Election officials.
650 #0 - SUBJECT ADDED ENTRY--TOPICAL TERM
Topical term or geographic name as entry element Politics, Practical.
650 17 - SUBJECT ADDED ENTRY--TOPICAL TERM
Topical term or geographic name as entry element Verkiezingen.
Source of heading or term gtt
650 17 - SUBJECT ADDED ENTRY--TOPICAL TERM
Topical term or geographic name as entry element Organisatie.
Source of heading or term gtt
650 17 - SUBJECT ADDED ENTRY--TOPICAL TERM
Topical term or geographic name as entry element Toezicht.
Source of heading or term gtt
651 #7 - SUBJECT ADDED ENTRY--GEOGRAPHIC NAME
Geographic name Ontwikkelingslanden.
Source of heading or term gtt
700 1# - ADDED ENTRY--PERSONAL NAME
Personal name Wall, Alan,
Dates associated with a name 2006
710 2# - ADDED ENTRY--CORPORATE NAME
Corporate name or jurisdiction name as entry element International Institute for Democracy and Electoral Assistance.
830 #0 - SERIES ADDED ENTRY--UNIFORM TITLE
Uniform title Handbook series (International Institute for Democracy and Electoral Assistance)
856 42 - ELECTRONIC LOCATION AND ACCESS
Materials specified Contributor biographical information
Uniform Resource Identifier <a href="http://www.loc.gov/catdir/enhancements/fy0801/2007476648-b.html">http://www.loc.gov/catdir/enhancements/fy0801/2007476648-b.html</a>
856 42 - ELECTRONIC LOCATION AND ACCESS
Materials specified Publisher description
Uniform Resource Identifier <a href="http://www.loc.gov/catdir/enhancements/fy0801/2007476648-d.html">http://www.loc.gov/catdir/enhancements/fy0801/2007476648-d.html</a>
906 ## - LOCAL DATA ELEMENT F, LDF (RLIN)
a 7
b cbc
c copycat
d 3
e ncip
f 20
g y-gencatlg
942 ## - ADDED ENTRY ELEMENTS (KOHA)
Source of classification or shelving scheme Dewey Decimal Classification
Koha item type Books
Holdings
Withdrawn status Lost status Source of classification or shelving scheme Damaged status Not for loan Home library Current library Date acquired Total Checkouts Full call number Barcode Date last seen Price effective from Koha item type
    Dewey Decimal Classification     Bunge Tower Library Bunge Tower Library 06/05/2023   324.63 WAL 10014537 06/05/2023 06/05/2023 Books
LIBRARY OPENING HOURS

When the Parliament is sitting: 8.00a.m - 7.00p.m or until the house adjourns
Mondays and Fridays and when the House is on Recess:  8.00a.m - 5.00p.m
Closed on Weekends and Public Holidays

Online Public Access Catalog (OPAC)
Website: http://www.parliament.go.ke
Bunge Library: https://libraryir.parliament.go.ke
Contact: library@parliament.go.ke | Tel no: (254-2)2221291 or 2848000 Ext 5043